all premier league winners. - Statistics

General Stats
  • This quiz has been taken 13 times
  • The average score is 18 of 24
Answer Stats
how many Answer % Correct
13 arsenal
100%
9 everton
100%
20 liverpool
100%
10 manchester city
100%
20 manchester united
100%
6 chelsea
92%
3 leeds united
92%
1 leicester city
92%
7 aston villa
85%
3 blackburn rovers
85%
4 newcastle united
85%
6 sunderland
85%
2 tottenham hotspur
85%
1 nottingham forest
77%
3 wolverhampton wanderers
69%
2 burnley
62%
1 sheffield united
62%
2 derby county
54%
4 sheffield wednesday
54%
1 west bromwich albion
54%
2 portsmouth
46%
3 huddersfield town
38%
1 ipswich town
38%
2 preston north end
38%
No matching quizzes found
Score Distribution
Percent of People with Each Score
Percentile by Number Answered
Your Score History
You have not taken this quiz